APPLE 2. Tips und Tricks <Eine> Fundgrube für den APPLE 2 Anwender

Saved in:
Bibliographic Details
Main Author: Prust, Renate
Other Authors: Voss, Werner
Format: Book
Language:German
Published: Düsseldorf DATA BECKER 1984
Edition:1. Aufl.
Subjects:
Tags: Add Tag
No Tags, Be the first to tag this record!

MARC

LEADER 00000nam a2200000 4500
001 c019098
005 20221220090442.9
020 |a 3-89011-025-8 
041 0 |a ger 
044 |a DE 
245 1 0 |a APPLE 2. Tips und Tricks  |b <Eine> Fundgrube für den APPLE 2 Anwender  |c Renate Prust, Werner Voss 
250 |a 1. Aufl. 
264 1 |a Düsseldorf  |b DATA BECKER  |c 1984 
300 |a 405 s. 
610 2 0 |a jazyky programovacie 
610 2 0 |a programovanie 
610 2 0 |a programy počítačové 
610 2 0 |a softvér 
610 2 0 |a grafika počítačová 
610 2 0 |a pamäť počítača 
100 1 |a Prust, Renate 
700 1 |a Voss, Werner